000
00321 a2200109 4500
001
ART_6391
005
20260410161825.0
008
260409a
245
1
0
_a
Gobierno municipal y gestión de la ciudad
100
1
_a
Ramírez, Norberto L.
773
0
_t
FACES
_g
- Año 7, Nº 11 (may./ago. 2001)
_w
REV5046
999
_c
22746
_d
22746